| 000 | 01214 am a2200289 a 4500 | ||
|---|---|---|---|
| 005 | 20240521080038.0 | ||
| 008 | 100406s2007||||ag ||||f |||| 000 0 spa d | ||
| 020 | _a97898772309299 | ||
| 041 | _aspa | ||
| 092 |
_c616 _l79 _sSIN |
||
| 245 |
_aSíndrome confusional agudo / _cJorge Farías |
||
| 250 |
_a1a ed. _bDirectora Clinicas de Medicina Interna Claudia Alonso |
||
| 260 |
_aBuenos Aires: _bdelhospital ediciones; _c2007. |
||
| 300 |
_a102 p. _c22x16 cm. |
||
| 500 | _aCámera, L., Farias, J. y Waisman, G. (Eds.). (2007). Síndrome confusional agudo. (1a ed.). Buenos Aires : delhospital ediciones. | ||
| 590 | _aClinicas de Medicina Interna del Hospital Italiano. Donación Hospital Italiano, 2007 | ||
| 653 | _aSíndrome confusional agudo | ||
| 653 | _aFisiopatología del síndrome confusional agudo | ||
| 653 | _aPresentación clínica del síndrome confusional agudo | ||
| 653 | _aSíndrome confusional agudo en diferentes ámbitos de atención | ||
| 653 | _aPronóstico y seguimiento del paciente con síndrome confusional agudo | ||
| 700 | 1 |
_aCámera, Luis _eEd. _9312 |
|
| 700 | 1 |
_aFarias, Jorge _eEd. _91664 |
|
| 700 | 1 |
_aWaisman, Gabriel _eEd. _9313 |
|
| 930 | _a1857 | ||
| 942 |
_2ddc _cBK |
||
| 999 |
_c228 _d228 |
||